00445 2200181 4500245003900000020001800039250001100057100002100068700002100089700001800110650001700128005001900145260003100164041001400195084001300209300003200222336000900254 aLove ArrowcKyousuke, MotomihText a9786022101697 aCet. 4 aKyousuke, Motomi aRianie S. Sirait aLidwina Leung aKomik Jepang a20241104070834 aJakartabPT Gramediac2011 aIndonesia a741.5592 a... jil. :bilus. ;c17 cm. atext